000 02278cam a2200289 4500500
005 20260111150029.0
041 _afre
042 _adc
100 1 0 _aMassard-Vincent, Josiane
_eauthor
245 0 0 _aMarcher pour gagner
260 _c2009.
500 _a94
520 _aRésuméPoursuivant sa réflexion sur la mise en espace de la vie sociale et sur les rapports biographie/ethnographie, l’auteur étudie la campagne d’une candidate à un mandat local dans un bourg du Derbyshire. Le démarchage électoral confirme les contours du territoire. Il contribue à la scansion calendaire du temps collectif et au marquage mémoriel d’un espace partagé. Jouant sur les seuils privé/public, il participe du lien contractuel qui lie citoyens et élus.
520 _aWalking towards victoryIn April 2003, Josiane Massard-Vincent followed in the steps of a District Councillor running for re-election in a Derbyshire town. Campaigning comes out as a civic rite which in terms of local history and identity shares some traits with Beating the bounds. Looking at canvassing as a systematic quest for face-to-face encounters with citizens, the paper underscores both the physical and territorial dimensions of the process. While playing down her political expectations, the candidate draws on her status as “born-and-bred” and on her awareness of everyone’s concerns and needs so as to enhance the supposedly close relationship that residents have with the town. Going endlessly from door to door is an attempt at renewing an implicit contract with the locality via the electorate. Finally, by focusing on a public figure who is also a person, the paper is part of an investigation on portraits as ethnographic formats that J. M.-V. has been carrying out since 2005.
690 _aAngleterre
690 _acampagne électorale
690 _aportrait en action
690 _aterritorialisation
690 _avie publique
690 _a“live” portrait
690 _acanvassing
690 _aEngland
690 _apublic life
690 _aterritory
786 0 _nEthnologie française | 39 | 4 | 2009-10-06 | p. 733-741 | 0046-2616
856 4 1 _uhttps://shs.cairn.info/revue-ethnologie-francaise-2009-4-page-733?lang=fr&redirect-ssocas=7080
999 _c1636934
_d1636934